Плазмохимическая конверсия галогенидов, инициируемая импульсным электронным пучком; Взаимодействие высококонцентрированных потоков энергии с материалами в перспективных технологиях и медицине; Т. 2

Detalhes bibliográficos
Parent link:Взаимодействие высококонцентрированных потоков энергии с материалами в перспективных технологиях и медицине: доклады VI Всероссийской конференции, Новосибирск, Россия, 24-27 марта 2015 г./ Российская академия наук (РАН), Сибирское отделение (СО), Институт теоретической и прикладной механики (ИТПМ), (Новосибирск).— , 2015
Т. 2.— 2015.— С. 121-125
Autor Corporativo: Национальный исследовательский Томский политехнический университет
Outros Autores: Холодная Г. Е. Галина Евгеньевна, Сазонов Р. В. Роман Владимирович, Пономарёв Д. В. Денис Владимирович, Перевалова О. Б. Ольга Борисовна, Ремнев Г. Е. Геннадий Ефимович, Виканов А. А. Александр Александрович
Resumo:В фонде НТБ ТПУ отсутствует
Idioma:russo
Publicado em: 2015
Assuntos:
Formato: MixedMaterials Capítulo de Livro
KOHA link:https://koha.lib.tpu.ru/cgi-bin/koha/opac-detail.pl?biblionumber=602535

MARC

LEADER 00000naa0a2200000 4500
001 602535
005 20250909180719.0
035 |a (RuTPU)RU\TPU\tpu\28430 
035 |a RU\TPU\tpu\28428 
090 |a 602535 
100 |a 20160606d2015 k y0rusy50 ca 
101 0 |a rus 
102 |a RU 
200 1 |a Плазмохимическая конверсия галогенидов, инициируемая импульсным электронным пучком  |f Г. Е. Холодная [и др.] 
333 |a В фонде НТБ ТПУ отсутствует 
461 1 |t Взаимодействие высококонцентрированных потоков энергии с материалами в перспективных технологиях и медицине  |o доклады VI Всероссийской конференции, Новосибирск, Россия, 24-27 марта 2015 г.  |f Российская академия наук (РАН), Сибирское отделение (СО), Институт теоретической и прикладной механики (ИТПМ), (Новосибирск)  |d 2015 
463 1 |t Т. 2  |v С. 121-125  |d 2015 
610 1 |a труды учёных ТПУ 
701 1 |a Холодная  |b Г. Е.  |c электрофизик  |c младший научный сотрудник Томского политехнического университета, кандидат технических наук  |f 1986-  |g Галина Евгеньевна  |3 (RuTPU)RU\TPU\pers\27929  |9 12932 
701 1 |a Сазонов  |b Р. В.  |c физик  |c старший научный сотрудник Томского политехнического университета, кандидат физико-математических наук  |f 1984-  |g Роман Владимирович  |3 (RuTPU)RU\TPU\pers\27101  |9 12651 
701 1 |a Пономарёв  |b Д. В.  |c физик  |c старший научный сотрудник Томского политехнического университета, кандидат технических наук  |f 1981-  |g Денис Владимирович  |3 (RuTPU)RU\TPU\pers\26570 
701 1 |a Перевалова  |b О. Б.  |g Ольга Борисовна 
701 1 |a Ремнев  |b Г. Е.  |c физик  |c профессор Томского политехнического университета, доктор технических наук  |f 1948-  |g Геннадий Ефимович  |3 (RuTPU)RU\TPU\pers\22004 
701 1 |a Виканов  |b А. А.  |c физик  |c техник Томского политехнического университета  |f 1990-  |g Александр Александрович  |3 (RuTPU)RU\TPU\pers\33654 
712 0 2 |a Национальный исследовательский Томский политехнический университет  |c (2009- )  |9 26305 
801 1 |a RU  |b 63413507  |c 20160606 
801 2 |a RU  |b 63413507  |c 20160606  |g RCR 
850 |a 63413507 
942 |c BK